| 000 | 00367 a2200157 4500 | ||
|---|---|---|---|
| 001 | 75919 | ||
| 020 | _a9788547234621 | ||
| 040 | _cAnchieta - Colégio São Paulo | ||
| 100 | _aReame, Eliane | ||
| 240 | 1 | 0 |
_aLigamundo: Matemática,1º Ano _lpor |
| 245 | 1 | 0 | _aLigamundo: Matemática,1º Ano |
| 300 | _a176 | ||
| 362 | 0 | _a2018 | |
| 650 | 4 | _aMatemática | |
| 942 | _cBK | ||
| 999 |
_c75919 _d75919 |
||